| 000 | 02889nam0a2200361 4500 | ||
|---|---|---|---|
| 001 | RU\NLR\BIBL_A\011393012 | ||
| 005 | 20260406053038.0 | ||
| 010 |
_a9785799619459 _950 |
||
| 021 |
_aRU _b2017-31359 _92312 |
||
| 035 | _a(RuMoRGB)008857662 | ||
| 035 | _a(NLR Aleph) 011393012 | ||
| 090 |
_a11462638 _c11462638 |
||
| 100 | _a20170525d2017 u y0rusy50 ca | ||
| 101 | 0 | _arus | |
| 102 | _aRU | ||
| 105 | _aac||j|||000zy | ||
| 200 | 1 |
_aТурбогенератор - это очень просто _eучебное пособие для студентов вуза, обучающихся понаправлениям подготовки 13.03.03 "Энергетическое машиностроение" и 13.03.02 "Электроэнергетика и электротехника" _fЮ.М. Бродов, И.Е. Родионов, М.А. Ниренштейн _gпод общей редакцией д-ра техн. наук, проф. Ю.М. Бродова _gМинистерство образования и науки Российской Федерации, Уральский федеральный университет имени первого Президента России Б.Н. Ельцина, [Урал. энергет. ин-т] |
|
| 210 |
_aЕкатеринбург _cИзд-во Уральского университета _d2017 |
||
| 215 |
_a91 с. _cил., портр., цв. ил., портр. _d19 |
||
| 300 | _aНа 4-й с. обл. 1-й и 2-й авт.: Бродов Ю.М., д.т.н., проф., Родионов И.Е., к.т.н., доц. | ||
| 313 | _aИстория развития и эволюция конструкций турбогенераторов от первых образцов до современных электрических машин | ||
| 320 | _aБиблиогр.: с. 89-90 (10 назв.) | ||
| 606 |
_aЭнергетика -- Электроэнергетика. Электротехника -- Электрические машины -- Электрические машины переменного тока -- Синхронные машины -- Синхронные генераторы -- Турбогенераторы -- Учебник для высшей школы _2rubbk |
||
| 606 | 1 |
_aТурбогенераторы _jУчебные издания для высших учебных заведений _xИстория создания _92328375 _3RU\NLR\AUTH\6601616885 |
|
| 686 |
_aЗ261.621.2я73-1 _2rubbk |
||
| 686 | 1 | _aЗ261.621.2г.я73-1 | |
| 700 | 1 |
_8rus _7ca _aБродов _bЮ. М. _gЮрий Миронович _3RU\NLR\AUTH\777885 _9117809 |
|
| 701 | 1 |
_aРодионов _bИ. Е. _gИгорь Евгеньевич |
|
| 701 | 1 |
_aНиренштейн _bМ. А. _gМарина Алексеевна |
|
| 942 | _cBOOK | ||
| 980 | _aNBR | ||